La octava ley fundamental : (Record no. 77912)

MARC details
000 -LEADER
campo de control de longitud fija 00844nam a2200253 i 4500
001 - NÚMERO DE CONTROL
campo de control 77912
003 - IDENTIFICADOR DE NÚMERO DE CONTROL
campo de control ES-MaACL
005 - FECHA Y HORA DE LA ÚLTIMA TRANSACCIÓN
campo de control 20240227155501.0
007 - CAMPO FIJO DE DESCRIPCIÓN FÍSICA--INFORMACIÓN GENERAL
campo de control de longitud fija t|
008 - DATOS DE LONGITUD FIJA--INFORMACIÓN GENERAL
campo de control de longitud fija 041115s1976 sp ||||1| spa d
020 ## - NÚMERO INTERNACIONAL ESTÁNDAR DEL LIBRO
Número Internacional Estándar del Libro 84-309-0683-5
080 ## - NÚMERO DE LA CLASIFICACIÓN DECIMAL UNIVERSAL
Número de la Clasificación Decimal Universal 323(460)
100 1# - ENTRADA PRINCIPAL--NOMBRE DE PERSONA
Nombre de persona Lucas Verdú, Pablo.
9 (RLIN) 74549
245 13 - MENCIÓN DEL TÍTULO
Título La octava ley fundamental :
Resto del título crítica jurídico-política de la reforma de Suárez /
Mención de responsabilidad, etc. Pablo Lucas Verdú ; prólogo de Enrique Tierno Galván.
260 ## - PUBLICACIÓN, DISTRIBUCIÓN, ETC.
Lugar de publicación, distribución, etc. Madrid :
Nombre del editor, distribuidor, etc. Tecnos,
Fecha de publicación, distribución, etc. 1976.
300 ## - DESCRIPCIÓN FÍSICA
Extensión 128 p. ;
Dimensiones 20 cm.
490 1# - MENCIÓN DE SERIE
Mención de serie Ventana abierta
500 ## - NOTA GENERAL
Nota general Apéndices, p. 103-122.
651 #4 - PUNTO DE ACCESO ADICIONAL DE MATERIA--NOMBRE GEOGRÁFICO
Nombre geográfico España-
Subdivisión general Historia-
Subdivisión cronológica 1975-1982, Transición.
9 (RLIN) 149272
700 1# - ENTRADA AGREGADA--NOMBRE PERSONAL
Nombre de persona Tierno Galván, Enrique,
Fechas asociadas al nombre 1918-1986
9 (RLIN) 110235
830 1# - PUNTO DE ACCESO ADICIONAL DE SERIE-TÍTULO UNIFORME
Título uniforme Ventana abierta
9 (RLIN) 179022
852 4# - LOCALIZACIÓN
Ubicación ES-MaACL
Número de control de estantería E-10381
Holdings
Estatus retirado Estado de pérdida Estado de daño No para préstamo Biblioteca de origen Biblioteca actual Ubicación en estantería Fecha de adquisición Fuente de adquisición Total de préstamos Signatura topográfica completa Código de barras Visto por última vez Precio de reemplazo Tipo de ítem Koha
        Biblioteca del Ateneo de Madrid Biblioteca del Ateneo de Madrid Depósito 2 17/01/2008     E-10381 1081508 23/02/2023 23/02/2023 Libro impreso